|
|
|
|
| LEADER |
00000nam0a2200000 4500 |
| 001 |
371852 |
| 005 |
20231102012424.0 |
| 035 |
|
|
|a (RuTPU)RU\TPU\retro\29266
|
| 090 |
|
|
|a 371852
|
| 100 |
|
|
|a 20221118d1978 m y0rusy50 ca
|
| 101 |
0 |
|
|a rus
|
| 102 |
|
|
|a RU
|
| 105 |
|
|
|a a z 001zy
|
| 200 |
1 |
|
|a Стратиграфия и палеонтология Сибири и Урала
|e сборник статей
|f ред. А. Р. Ананьев
|
| 210 |
|
|
|a Томск
|c Изд-во Томского ун-та
|d 1978
|
| 215 |
|
|
|a 123 с.
|c ил.
|
| 320 |
|
|
|a Библиография в конце статей
|
| 606 |
1 |
|
|a Стратиграфия
|2 stltpush
|3 (RuTPU)RU\TPU\subj\57192
|9 75055
|
| 606 |
1 |
|
|a Палеонтология
|2 stltpush
|3 (RuTPU)RU\TPU\subj\47998
|9 66880
|
| 610 |
1 |
|
|a Сибирь
|
| 610 |
1 |
|
|a Урал
|
| 610 |
1 |
|
|a карбон
|
| 610 |
1 |
|
|a угленосные толщи
|
| 610 |
1 |
|
|a растительные остатки
|
| 610 |
1 |
|
|a Минусинский прогиб
|
| 610 |
1 |
|
|a турнейская флора
|
| 610 |
1 |
|
|a этапность
|
| 610 |
1 |
|
|a Кузбасс
|
| 610 |
1 |
|
|a юрские отложения
|
| 610 |
1 |
|
|a хвойные растения
|
| 610 |
1 |
|
|a Обь-Томское междуречье
|
| 610 |
1 |
|
|a меловые отложения
|
| 610 |
1 |
|
|a палеогеновые отложения
|
| 610 |
1 |
|
|a Александровский мегавал
|
| 610 |
1 |
|
|a нефтегазоносность
|
| 610 |
1 |
|
|a трубчатые археоциаты
|
| 610 |
1 |
|
|a Хакасия
|
| 610 |
1 |
|
|a конодонты
|
| 675 |
|
|
|a 551.7
|v 4
|
| 675 |
|
|
|a 56
|v 4
|
| 702 |
|
1 |
|a Ананьев
|b А. Р.
|4 340
|
| 801 |
|
1 |
|a RU
|b 63413507
|c 20221118
|
| 942 |
|
|
|c BK
|